<?xml version="1.0" encoding="UTF-8"?><?xml-stylesheet type="text/xsl" href="static/style.xsl"?><OAI-PMH xmlns="http://www.openarchives.org/OAI/2.0/" xmlns:xsi="http://www.w3.org/2001/XMLSchema-instance" xsi:schemaLocation="http://www.openarchives.org/OAI/2.0/ http://www.openarchives.org/OAI/2.0/OAI-PMH.xsd"><responseDate>2026-04-27T13:46:15Z</responseDate><request verb="GetRecord" identifier="oai:uvadoc.uva.es:10324/6871" metadataPrefix="marc">https://uvadoc.uva.es/oai/request</request><GetRecord><record><header><identifier>oai:uvadoc.uva.es:10324/6871</identifier><datestamp>2021-10-27T15:39:26Z</datestamp><setSpec>com_10324_38</setSpec><setSpec>col_10324_787</setSpec></header><metadata><record xmlns="http://www.loc.gov/MARC21/slim" xmlns:doc="http://www.lyncode.com/xoai" xmlns:xsi="http://www.w3.org/2001/XMLSchema-instance" xmlns:dcterms="http://purl.org/dc/terms/" xsi:schemaLocation="http://www.loc.gov/MARC21/slim http://www.loc.gov/standards/marcxml/schema/MARC21slim.xsd">
<leader>00925njm 22002777a 4500</leader>
<datafield tag="042" ind1=" " ind2=" ">
<subfield code="a">dc</subfield>
</datafield>
<datafield tag="720" ind1=" " ind2=" ">
<subfield code="a">Bombín Molinero, Yvonne</subfield>
<subfield code="e">author</subfield>
</datafield>
<datafield tag="260" ind1=" " ind2=" ">
<subfield code="c">2012</subfield>
</datafield>
<datafield tag="520" ind1=" " ind2=" ">
<subfield code="a">El mesotelioma pleural maligno es un tumor agresivo para el que no existe un tratamiento satisfactorio disponible hasta la fecha. La identificación de factores pronósticos es particularmente importante. Este artículo  trata de determinar las posibles implicaciones de las características del líquido pleural en el pronóstico de este tumor. &#xd;
OBJETIVO&#xd;
El objetivo de este estudio fue describir las características clínicas y epidemiológicas  de los pacientes diagnosticados de mesotelioma pleural maligno y determinar el valor pronóstico de los parámetros de líquido pleural en la supervivencia de esos pacientes.</subfield>
</datafield>
<datafield tag="024" ind2=" " ind1="8">
<subfield code="a">http://uvadoc.uva.es/handle/10324/6871</subfield>
</datafield>
<datafield ind1=" " ind2=" " tag="653">
<subfield code="a">Mesotelioma pleural maligno - Pronóstico</subfield>
</datafield>
<datafield tag="245" ind1="0" ind2="0">
<subfield code="a">Diez años de mesotelioma pleural maligno (2000-2010) en el área asistencial de Palencia:  búsqueda de factores pronósticos en el análisis del líquido pleural.</subfield>
</datafield>
</record></metadata></record></GetRecord></OAI-PMH>